| 000 | 00540nam a2200181Ia 4500 | ||
|---|---|---|---|
| 003 | GCL | ||
| 008 | 140319s9999 xx 000 0 eng d | ||
| 040 |
_aGCL / _cGCL |
||
| 082 | 0 | 4 |
_a685.4038011 _bMA |
| 100 | 1 | _aMARTIN, MERLE P. | |
| 245 | 1 | 0 |
_aANALYSIS AND DESIGN OF BUSINESS INFORMATION SYSTEMS / _cMARTIN, MERLE P. |
| 260 |
_a[S.N] : _bMACMLLAN PUBLISHING COMPANY ، _c1991 |
||
| 300 | _a754. P | ||
| 650 | 0 | 4 | _aBUSINESS |
| 650 | 0 | 4 | _aMANAGEMENT - INFORMATION SYSTEM |
| 650 | 0 | 4 | _aINFORMATION STORAGE AND RETRIEVAL |
| 942 |
_2ddc _cBK |
||
| 999 |
_c24282 _d24282 |
||